000 00599nam a2200181Ia 4500
008 100917s9999 xx 000 0 und d
082 _b27025
100 _aगवाणकर वि. स.
245 _aशूरांची भूमी (आवृत्ती 1 ली)
260 _bअ. ज. प्रभु
_c1964
300 _a116
365 _b2.5
520 _aकथा
630 _aशूरांची भूमी (आवृत्ती 1 ली)
650 _aकथा
730 _aशूरांची भूमी (आवृत्ती 1 ली)
942 _cBOOK
999 _c632419
_d632416